World Encyclopaedia Of Nuclear Arms Control And Non-Proliferation (4 Vols. Set) : (Record no. 616566)

MARC details
000 -LEADER
fixed length control field 00557nam a2200193 a 4500
008 - FIXED-LENGTH DATA ELEMENTS--GENERAL INFORMATION
fixed length control field 260302s2010##################000#0#eng##
020 ## - INTERNATIONAL STANDARD BOOK NUMBER
ISBN 9788171393640
082 04 - DEWEY DECIMAL CLASSIFICATION NUMBER
Classification number 327.174
Item number SHR
100 1# - MAIN ENTRY--AUTHOR NAME
Personal name Tripathi, Shri Prakash Mani,
245 10 - TITLE STATEMENT
Title World Encyclopaedia Of Nuclear Arms Control And Non-Proliferation (4 Vols. Set) :
260 ## - PUBLICATION, DISTRIBUTION, ETC. (IMPRINT)
Year of publication 2010.
300 ## - PHYSICAL DESCRIPTION
Number of Pages 1392 pages
650 #0 - SUBJECT ADDED ENTRY--TOPICAL TERM
Topical Term Nuclear arms control.
942 ## - ADDED ENTRY ELEMENTS (KOHA)
Koha item type English Books
Holdings
Withdrawn status Lost status Damaged status Not for loan Home library Current library Shelving location Date acquired Full call number Accession Number Price effective from Koha item type
        Anna Centenary Library Anna Centenary Library 3RD FLOOR, B WING 02.03.2026 327.174 SHR 535835 02.03.2026 English Books

Find us on the map